000 00538nam a2200217Ia 4500
003 OSt
005 20220926044631.0
006 a|||||r|||| 00| 0
007 ta
008 220923b |||||||| |||| 00| 0 eng d
037 _cGeneral Book
040 _aRTL
_cRTL
_beng
041 _2eng
_aeng
082 _aV20j73.N6, K2
100 _aChagla M C
_9139639
245 0 _aAmbassador speaks
260 _c1962
650 _aIndian History
942 _hV20j73.N6, K2
_cGB
_2CC
999 _c675407
_d675407